<?xml version="1.0" encoding="UTF-8"?>
<collection xmlns="http://www.loc.gov/MARC21/slim">
 <record>
  <leader>04707nam a2200397 a 4500</leader>
  <controlfield tag="001">kal5016</controlfield>
  <controlfield tag="003">Gr-AtHEAL</controlfield>
  <controlfield tag="005">20160427123443.0</controlfield>
  <controlfield tag="006">m        d        </controlfield>
  <controlfield tag="008">160413s2015    gr      s           gre|c</controlfield>
  <datafield tag="020" ind1=" " ind2=" ">
   <subfield code="a">9789606033292</subfield>
  </datafield>
  <datafield tag="040" ind1=" " ind2=" ">
   <subfield code="a">GR-AtHEAL</subfield>
   <subfield code="b">gre</subfield>
   <subfield code="c">GR-AtHEAL</subfield>
  </datafield>
  <datafield tag="082" ind1="0" ind2="4">
   <subfield code="a">572.8</subfield>
   <subfield code="2">23</subfield>
  </datafield>
  <datafield tag="100" ind1="1" ind2=" ">
   <subfield code="a">Μπάγκος, Παντελεήμων.</subfield>
   <subfield code="8">1877</subfield>
  </datafield>
  <datafield tag="245" ind1="1" ind2="0">
   <subfield code="a">Βιοπληροφορική</subfield>
   <subfield code="h">[Ηλεκτρονικός πόρος] </subfield>
   <subfield code="c">Μπάγκος, Παντελεήμων ; Κριτικός αναγνώστης,Λεωνίδας, Δημήτριος ; Τεχνική επιμέλεια,Κοντού, Παναγιώτα.</subfield>
  </datafield>
  <datafield tag="260" ind1=" " ind2=" ">
   <subfield code="a">Αθήνα :</subfield>
   <subfield code="b">Σύνδεσμος Ελληνικών Ακαδημαϊκών Βιβλιοθηκών,</subfield>
   <subfield code="c">c2015.</subfield>
  </datafield>
  <datafield tag="490" ind1=" " ind2=" ">
   <subfield code="a">Ακαδημαϊκά Ηλεκτρονικά Συγγράμματα και Βοηθήματα Κάλλιπος</subfield>
   <subfield code="8">40</subfield>
  </datafield>
  <datafield tag="520" ind1=" " ind2=" ">
   <subfield code="a">Το βιβλίο αυτό απευθύνεται σε προπτυχιακούς αλλά και μεταπτυχιακούς φοιτητές που διδάσκονται θέματα Βιοπληροφορικής και Υπολογιστικής Βιολογίας. Θα μπορεί να χρησιμοποιηθεί σαν αυτούσιο διδακτικό εγχειρίδιο σε όλα σχεδόν τα μαθήματα Βιοπληροφορικής που διδάσκονται στα Ελληνικά ΑΕΙ και ΤΕΙ, ενώ θα αποτελεί και μια καλή βάση για τη διδασκαλία κάποιων μαθημάτων σε μεταπτυχιακό επίπεδο. Το βιβλίο απευθύνεται επίσης σε επιστήμονες των βιολογικών επιστημών ή της πληροφορικής, οι οποίοi επιθυμούν να εμβαθύνουν τις γνώσεις τους σε θέματα Βιοπληροφορικής. Η μόνη απαίτηση από τον αναγνώστη είναι μια μικρή εξοικείωση με την ορολογία της μοριακής βιολογίας (DNA, πρωτεΐνες, κυτταρικές λειτουργίες, οργανίδια, κ.ο.κ.). Το βιβλίο καλύπτει τις περισσότερες περιοχές που παραδοσιακά απαντώνται σε ένα σύγχρονο σύγγραμμα Βιοπληροφορικής όπως:-Βάσεις δεδομένων πρωτεϊνών και νουκλεϊκών οξέων-Αλγόριθμοι για κατά ζεύγη στοίχιση ακολουθιών και αναζητήσεις σε βάσεις δεδομένων (Smithm-Waterman, Needleman-Wunch, BLAST, FASTA κ.ο.κ.)-Πολλαπλή στοίχιση ακολουθιών-Φυλογενετική ανάλυση-Αναζήτηση προτύπων σε ακολουθίες (patterns και profiles)-Μέθοδοι πρόγνωσης βασισμένες σε ακολουθίες πρωτεϊνών, RNA και DNA-Μαρκοβιανά μοντέλα στην ανάλυση ακολουθιών (Markov chain models, Hidden Markov Models)-Νευρωνικά Δίκτυα-Στοχαστικές γραμματικές-Γονιδιωματική και συγκριτική γονιδιωματική-Ανάλυση δεδομένων από μικροσυστοιχίες DNA (DNA microarrays)-Ανάλυση πολύπλοκων βιολογικών δικτύων</subfield>
  </datafield>
  <datafield tag="650" ind1=" " ind2="0">
   <subfield code="a">Bioinformatics</subfield>
   <subfield code="8">2434</subfield>
  </datafield>
  <datafield tag="650" ind1=" " ind2="0">
   <subfield code="a">Computational biology</subfield>
   <subfield code="8">2433</subfield>
  </datafield>
  <datafield tag="653" ind1=" " ind2=" ">
   <subfield code="a">Μαρκοβιανά μοντέλα</subfield>
  </datafield>
  <datafield tag="653" ind1=" " ind2=" ">
   <subfield code="a">Στοίχιση ακολουθιών</subfield>
  </datafield>
  <datafield tag="653" ind1=" " ind2=" ">
   <subfield code="a">Βιολογικές ακολουθίες</subfield>
  </datafield>
  <datafield tag="653" ind1=" " ind2=" ">
   <subfield code="a">Μέθοδοι πρόγνωσης</subfield>
  </datafield>
  <datafield tag="653" ind1=" " ind2=" ">
   <subfield code="a">Πρωτεΐνες</subfield>
  </datafield>
  <datafield tag="653" ind1=" " ind2=" ">
   <subfield code="a">Ανάλυση βιολογικών ακολουθιών</subfield>
  </datafield>
  <datafield tag="653" ind1=" " ind2=" ">
   <subfield code="a">Βιοπληροφορική</subfield>
  </datafield>
  <datafield tag="653" ind1=" " ind2=" ">
   <subfield code="a">Υπολογιστική βιολογία</subfield>
  </datafield>
  <datafield tag="653" ind1=" " ind2=" ">
   <subfield code="a">Επιστήμες της ζωής</subfield>
   <subfield code="a">Μοριακές βιοεπιστήμες</subfield>
  </datafield>
  <datafield tag="653" ind1=" " ind2=" ">
   <subfield code="a">Επιστήμη υπολογιστών/Πληροφορική</subfield>
  </datafield>
  <datafield tag="700" ind1="1" ind2=" ">
   <subfield code="a">Λεωνίδας, Δημήτριος</subfield>
   <subfield code="e">Κριτικός αναγνώστης</subfield>
   <subfield code="8">1878</subfield>
  </datafield>
  <datafield tag="856" ind1="4" ind2="0">
   <subfield code="u">http://hdl.handle.net/11419/5016</subfield>
   <subfield code="z">Πλήρες Κείμενο - Full text</subfield>
  </datafield>
  <datafield tag="907" ind1=" " ind2=" ">
   <subfield code="a">.b25678267</subfield>
   <subfield code="b">12-06-18</subfield>
   <subfield code="c">29-07-16</subfield>
  </datafield>
  <datafield tag="949" ind1=" " ind2=" ">
   <subfield code="0">0</subfield>
   <subfield code="1">0</subfield>
   <subfield code="2">ddc</subfield>
   <subfield code="4">0</subfield>
   <subfield code="6">572_800000000000000_ΜΠΑ</subfield>
   <subfield code="7">0</subfield>
   <subfield code="8">KALL</subfield>
   <subfield code="8">585</subfield>
   <subfield code="d">2016-04-13</subfield>
   <subfield code="r">2016-04-13</subfield>
   <subfield code="w">2016-04-13</subfield>
   <subfield code="z">572.8 ΜΠΑ</subfield>
   <subfield code="o">SEAB KALLIPOS</subfield>
  </datafield>
  <datafield tag="998" ind1=" " ind2=" ">
   <subfield code="a">80</subfield>
   <subfield code="a">01</subfield>
   <subfield code="a">02</subfield>
   <subfield code="a">03</subfield>
   <subfield code="a">04</subfield>
   <subfield code="a">05</subfield>
   <subfield code="a">06</subfield>
   <subfield code="a">07</subfield>
   <subfield code="a">08</subfield>
   <subfield code="a">09</subfield>
   <subfield code="a">10</subfield>
   <subfield code="a">11</subfield>
   <subfield code="a">12</subfield>
   <subfield code="a">13</subfield>
   <subfield code="a">14</subfield>
   <subfield code="a">15</subfield>
   <subfield code="a">16</subfield>
   <subfield code="a">17</subfield>
   <subfield code="a">19</subfield>
   <subfield code="a">18</subfield>
   <subfield code="a">20</subfield>
   <subfield code="a">21</subfield>
   <subfield code="a">22</subfield>
   <subfield code="a">23</subfield>
   <subfield code="a">24</subfield>
   <subfield code="a">25</subfield>
   <subfield code="a">26</subfield>
   <subfield code="b">11-05-17</subfield>
   <subfield code="c">m</subfield>
   <subfield code="d">z  </subfield>
   <subfield code="e">-</subfield>
   <subfield code="f">gre</subfield>
   <subfield code="g">gr </subfield>
   <subfield code="h">0</subfield>
  </datafield>
  <datafield tag="942" ind1=" " ind2=" ">
   <subfield code="2">ddc</subfield>
   <subfield code="c">KALLIPOS</subfield>
  </datafield>
 </record>
</collection>
